| 000 | 00734nam a22002172 4500 | ||
|---|---|---|---|
| 001 | 0000005353 | ||
| 005 | 20151217152003.0 | ||
| 008 | 070612s xx 000 0 eng d | ||
| 020 |
_a1573870706 : _cKES 300 |
||
| 040 |
_aKABU _cKABU |
||
| 050 | 0 |
_aZ678 _b.E96 |
|
| 245 | 1 | 4 |
_aThe Evolving virtual library II : _bpractical and philosophical perspectives / _ced. by Laverna M. Saunders. |
| 260 |
_aMedford, NJ : _bInformation Today, _c1999. |
||
| 300 | _axi, 198 p. | ||
| 650 | 0 |
_aLibraries _zUnited States. _xAutomation _xCongresses. _@0000160238 |
|
| 700 | 1 |
_aSaunders, Laverna M. _@0000160239 |
|
| 908 | _a070612 | ||
| 950 | _@1 | ||
| 999 |
_c7022 _d7022 |
||